[Event "ISR-ch op"]
[Site "Acre"]
[Date "2024.01.29"]
[Round "9"]
[White "Levitan, Ronit"]
[Black "Meizlin, Yaacov"]
[Result "1-0"]
[WhiteElo "2101"]
[BlackElo "1857"]
[PlyCount "123"]
[EventDate "2024.01.21"]
[EventType "swiss"]
[EventRounds "9"]
[EventCountry "ISR"]
[SourceTitle "CB05_2024"]
[SourceDate "2024.01.31"]
[SourceVersion "1"]
[SourceVersionDate "2024.01.31"]
[SourceQuality "1"]

1. e4 d6 2. d4 Nf6 3. Nc3 c6 4. a4 a5 5. Nf3 Bg4 6. Be2 Nbd7 7. Be3 Qc7 8. h3 Bxf3 9. Bxf3 e5 10. Be2 Be7 11. 0-0 0-0 12. Qd2 Rad8 13. Rad1 d5 14. exd5 Nxd5 15. Nxd5 cxd5 16. dxe5 Nxe5 17. Bf4 Bf6 18. c3 Qb6 19. Bb5 d4 20. cxd4 Rxd4 21. Be3 Rxd2 22. Bxb6 Rxb2 23. Bxa5 Nc6 24. Bb6 h6 25. Rfe1 g6 26. Rd7 Rb8 27. Bc7 Rf8 28. Bd6 Rc8 29. Rxb7 Bd4 30. Re2 Rxe2 31. Bxe2 Na5 32. Rb8 Rxb8 33. Bxb8 Kf8 34. Bd6+ Ke8 35. Bb5+ Kd8 36. Kf1 Nb7 37. Bb4 Bb6 38. Ke2 Kc7 39. Be8 Nd8 40. Bd2 g5 41. Bc3 Kd6 42. f3 Ke7 43. Bb5 Ne6 44. Kd2 Nf4 45. Bf1 Nd5 46. Bb2 Ne3 47. Ke2 Nc4 48. Bc1 f5 49. Kd3 Ne5+ 50. Kc3 Nc6 51. Kc4 Bc7 52. Be3 g4 53. hxg4 fxg4 54. Kb5 Ne5 55. f4 Nf7 56. Kc6 Ba5 57. Bb6 Bd2 58. a5 Bxf4 59. a6 Ne5+ 60. Kb7 Nd7 61. Bd4 Bb8 62. Bb5 1-0

[Event "Polanica Zdroj op-D 58th"]
[Site "Polanica Zdroj"]
[Date "2022.08.17"]
[Round "5"]
[White "Meizlin, Yaacov"]
[Black "Klisowski, Bartosz"]
[Result "1-0"]
[WhiteElo "1938"]
[BlackElo "1595"]
[PlyCount "131"]
[EventDate "2022.08.13"]
[EventType "swiss"]
[EventRounds "9"]
[EventCountry "POL"]
[SourceTitle "CBM 210 Extra"]
[Source "ChessBase"]
[SourceDate "2022.11.30"]
[SourceVersion "1"]
[SourceVersionDate "2022.11.30"]
[SourceQuality "1"]

1. e4 c5 2. Nf3 Nc6 3. d4 cxd4 4. c3 d3 5. c4 g6 6. Bxd3 Bg7 7. 0-0 d6 8. h3 Nf6 9. Nc3 Nd7 10. Be3 Bxc3 11. bxc3 Nc5 12. Bc2 Be6 13. Qe2 Qa5 14. Bd4 Rg8 15. Ng5 h6 16. Bxc5 hxg5 17. Bd4 Ne5 18. Bb3 g4 19. c5 gxh3 20. g3 Bd7 21. cxd6 exd6 22. f4 Bg4 23. Qe3 h2+ 24. Kh1 Nc6 25. e5 d5 26. Rf2 Bf5 27. Bc2 Ne7 28. Rb1 b6 29. Qf3 Bxc2 30. Rxc2 Qa4 31. Rxh2 0-0-0 32. Rb4 Qa3 33. Qf2 Nc6 34. Rb3 Qc1+ 35. Qg1 Qxg1+ 36. Kxg1 Rh8 37. Rxh8 Rxh8 38. Rb5 Rd8 39. Kf2 Nxd4 40. cxd4 Kb7 41. g4 a6 42. Rb2 Rc8 43. f5 g5 44. Re2 Re8 45. Ke3 Kc6 46. Rc2+ Kd7 47. Rh2 f6 48. e6+ Kd6 49. Rh6 Rf8 50. Rh7 a5 51. Rd7+ Kc6 52. Rf7 Rh8 53. Rxf6 Rh3+ 54. Kf2 Rh2+ 55. Ke3 Rxa2 56. Rg6 a4 57. Rxg5 Kd6 58. Rg7 Ra1 59. Kd2 Rb1 60. Rd7+ Kc6 61. Ra7 Rb2+ 62. Ke3 Rb3+ 63. Kf4 Rb4 64. Ke5 b5 65. e7 Rb1 66. e8Q+ 1-0

[Event "Rubinstein Memorial-B 54th"]
[Site "Polanica Zdroj"]
[Date "2018.08.23"]
[Round "6"]
[White "Meizlin, Yaacov"]
[Black "Kwiek, Janusz"]
[Result "1-0"]
[WhiteElo "2061"]
[BlackElo "1528"]
[PlyCount "73"]
[EventDate "2018.08.18"]
[EventType "swiss"]
[EventRounds "9"]
[EventCountry "POL"]
[SourceTitle "EXT 2020"]
[Source "ChessBase"]
[SourceDate "2019.10.17"]
[SourceVersion "1"]
[SourceVersionDate "2019.10.17"]
[SourceQuality "1"]

1. e4 c5 2. Nf3 d6 3. d4 cxd4 4. c3 Nf6 5. Qxd4 Nc6 6. Qd3 Bd7 7. Be2 g6 8. 0-0 Bg7 9. h3 0-0 10. Be3 Rc8 11. Nbd2 b6 12. Bg5 h6 13. Be3 Qc7 14. Rac1 Be6 15. a3 Nd7 16. Nd4 Nxd4 17. cxd4 Qxc1 18. Rxc1 Rxc1+ 19. Kh2 d5 20. e5 Rfc8 21. g4 R1c2 22. f4 Nf8 23. Qb3 R2c7 24. Bd3 Rd8 25. f5 gxf5 26. gxf5 Bc8 27. Qd1 f6 28. e6 Bb7 29. Bf4 Rcc8 30. Qh5 Kh7 31. Qf7 Bc6 32. Be2 a5 33. Bxh6 Nxe6 34. fxe6 Rg8 35. Bd3+ Kh8 36. Qg6 f5 37. Qxf5 1-0

[Event "Wch Seniors 22nd"]
[Site "Kamena Vourla"]
[Date "2012.11.16"]
[Round "4"]
[White "Sorensen, Bent"]
[Black "Meizlin, Yaacov"]
[Result "1/2-1/2"]
[WhiteElo "2294"]
[BlackElo "2122"]
[PlyCount "68"]
[EventDate "2012.11.13"]
[EventType "swiss"]
[EventRounds "11"]
[EventCountry "GRE"]
[SourceTitle "CBM 151 Extra"]
[Source "ChessBase"]
[SourceDate "2012.12.18"]
[SourceVersion "1"]
[SourceVersionDate "2012.12.18"]
[SourceQuality "1"]

1. Nf3 Nf6 2. g3 e6 3. Bg2 Be7 4. 0-0 0-0 5. c4 d5 6. b3 c5 7. e3 Nc6 8. Qe2 b6 9. d3 dxc4 10. bxc4 Bb7 11. Bb2 Nd7 12. Rd1 Rc8 13. Nc3 Bf6 14. Rac1 Qe7 15. Ba3 Bxc3 16. Rxc3 e5 17. Qb2 e4 18. dxe4 Nf6 19. Nh4 Nxe4 20. Nf5 Qe5 21. Bxe4 Qxe4 22. Nd6 Qf3 23. Rd5 Ne7 24. e4 Qg4 25. f3 Qe6 26. Rd2 Rc7 27. Rcd3 Bc6 28. Qc3 Ng6 29. Nf5 f6 30. Rd6 Qf7 31. Kf2 Ne5 32. Ne3 Qh5 33. Nf1 Qf7 34. Rc2 Re8 1/2-1/2

[Event "Wch Seniors 22nd"]
[Site "Kamena Vourla"]
[Date "2012.11.15"]
[Round "3"]
[White "Meizlin, Yaacov"]
[Black "Choong, Mark"]
[Result "1-0"]
[WhiteElo "2122"]
[BlackElo "1948"]
[PlyCount "83"]
[EventDate "2012.11.13"]
[EventType "swiss"]
[EventRounds "11"]
[EventCountry "GRE"]
[SourceTitle "CBM 151 Extra"]
[Source "ChessBase"]
[SourceDate "2012.12.18"]
[SourceVersion "1"]
[SourceVersionDate "2012.12.18"]
[SourceQuality "1"]

1. e4 c5 2. Nf3 e6 3. d4 cxd4 4. c3 dxc3 5. Nxc3 Nc6 6. Bc4 a6 7. 0-0 Qc7 8. Qe2 Nge7 9. Be3 Ng6 10. Rac1 Bd6 11. g3 0-0 12. a3 Qa5 13. Nd2 b5 14. Ba2 Qd8 15. b4 Be5 16. Nf3 Bb8 17. Rfd1 Qe7 18. Rd2 Ba7 19. Rcd1 Qf6 20. Bg5 Qxc3 21. Rd3 Nd4 22. Nxd4 Qc7 23. Kg2 Qb7 24. f3 Kh8 25. Nb3 d5 26. Na5 dxe4 27. Nxb7 exd3 28. Qe4 f5 29. Qc6 Ne5 30. Qd6 Bxb7 31. Qxe5 Rac8 32. Rxd3 Rc2+ 33. Rd2 Rc1 34. Be3 Bb8 35. Qb2 Rc7 36. Bxe6 f4 37. Bxf4 Re7 38. Rd7 Rxd7 39. Bxd7 Bxf4 40. gxf4 Rxf4 41. Be6 Rxf3 42. Kg1 1-0

[Event "Wch Seniors 22nd"]
[Site "Kamena Vourla"]
[Date "2012.11.14"]
[Round "2"]
[White "Pritchett, Craig William"]
[Black "Meizlin, Yaacov"]
[Result "1-0"]
[WhiteElo "2348"]
[BlackElo "2122"]
[PlyCount "97"]
[EventDate "2012.11.13"]
[EventType "swiss"]
[EventRounds "11"]
[EventCountry "GRE"]
[SourceTitle "CBM 151 Extra"]
[Source "ChessBase"]
[SourceDate "2012.12.18"]
[SourceVersion "1"]
[SourceVersionDate "2012.12.18"]
[SourceQuality "1"]

1. Nf3 Nf6 2. c4 d6 3. d4 g6 4. Nc3 Bg7 5. e4 0-0 6. h3 c6 7. Bg5 Qa5 8. Qd2 Re8 9. Be2 Nbd7 10. a3 Nf8 11. b4 Qc7 12. 0-0 e5 13. d5 Bd7 14. Rac1 c5 15. Ne1 a6 16. Kh2 Nh5 17. bxc5 Qxc5 18. Be3 Qc7 19. Bxh5 gxh5 20. Ne2 h4 21. Nf3 Ng6 22. Bg5 f5 23. exf5 Bxf5 24. Nxh4 Nxh4 25. Bxh4 Qc5 26. Ng3 Bg6 27. Bg5 Qxa3 28. Bh6 Qd3 29. Qg5 Bxh6 30. Qxh6 Qd4 31. f4 exf4 32. Rxf4 Qg7 33. Qh4 Rf8 34. Rcf1 Rxf4 35. Qxf4 Qe7 36. Qg4 Rf8 37. Rxf8+ Kxf8 38. h4 Be8 39. Qf4+ Kg8 40. Ne4 Qe5 41. Qxe5 dxe5 42. Nd6 Bg6 43. Nxb7 Bd3 44. d6 Bf5 45. c5 Bd7 46. Na5 Bb5 47. c6 Kf7 48. d7 Ke7 49. Nb7 1-0